Pracovné vzťahy ako dôležitá súčasť personálneho manažmentu v obchodnej firme dizertačná práca

Guardado en:
Detalles Bibliográficos
Autor principal: Hasprová, Mária, 1970-
Autor Corporativo: Obchodná fakulta EU. Katedra marketingu
Otros Autores: Vávra, Viktor
Formato: Libro
Lenguaje:eslovaco
Publicado: Bratislava 1997
Materias:
Etiquetas: Agregar Etiqueta
Sin Etiquetas, Sea el primero en etiquetar este registro!

MARC

LEADER 00000nam a2200000 4500
001 0193932
005 20240104091742.9
041 0 |a slo 
044 |a SK 
245 1 0 |a Pracovné vzťahy ako dôležitá súčasť personálneho manažmentu v obchodnej firme  |b dizertačná práca  |c Mária Hasprová ; školiteľ: Viktor Vávra 
264 1 |a Bratislava  |c 1997 
300 |a 144 s. 
610 2 0 |a vzťahy pracovné 
610 2 0 |a riadenie personálne 
610 2 0 |a obchod 
610 2 0 |a firmy 
100 1 |a Hasprová, Mária, 1970- 
700 1 |a Vávra, Viktor 
710 2 |a Obchodná fakulta EU. Katedra marketingu